Online
Catalog

Teoría de la estructuración : (Record no. 24013)

MARC details
000 -CABECERA
campo de control de longitud fija 01418cam a2200337 a 4500
001 - NÚMERO DE CONTROL
campo de control 000024520
005 - FECHA Y HORA DE LA ÚLTIMA TRANSACCIÓN
campo de control 20240513201349.0
008 - DATOS DE LONGITUD FIJA--INFORMACIÓN GENERAL
campo de control de longitud fija 850726s1996 mx 000 | spa d
020 ## - NÚMERO INTERNACIONAL ESTÁNDAR DEL LIBRO
Número Internacional Estándar del Libro 970620847X
040 ## - FUENTE DE LA CATALOGACIÓN
Centro catalogador/agencia de origen DO-SdBNP
Lengua de catalogación spa
Centro/agencia transcriptor BNPHU
041 17 - CÓDIGO DE LENGUA
Código de lengua del texto/banda sonora o título independiente eng
Código de lengua original spa
Fuente del código Código de idioma MARC
082 ## - NÚMERO DE LA CLASIFICACIÓN DECIMAL DEWEY
Número de clasificación 303
Número de documento/Ítem C678t
049 ## - FONDOS LOCALES (OCLC)
Fondos de biblioteca BNGR
100 1# - ENTRADA PRINCIPAL--NOMBRE DE PERSONA
Nombre de persona Cohen, Ira J.
9 (RLIN) 50245
240 10 - TÍTULO UNIFORME
Título uniforme Structuration theory : Anthony Giddens and the constitution of social life.
Lenguaje de la obra Español
245 13 - MENCIÓN DE TÍTULO
Título Teoría de la estructuración :
Resto del título Anthony Giddens y la constitución de la vida social /
Mención de responsabilidad, etc. Ira J. Cohen; traducción Ángel Carlos González Ruiz.
260 ## - PUBLICACIÓN, DISTRIBUCIÓN, ETC.
Lugar de publicación, distribución, etc. México, D. F. :
Nombre del editor, distribuidor, etc. Universidad Autonoma Metropolitana,
Fecha de publicación, distribución, etc. 1996.
300 ## - DESCRIPCIÓN FÍSICA
Extensión 353 p. ;
Dimensiones 22 cm.
490 1# - MENCIÓN DE SERIE
Mención de serie Tradiciones Teóricas en las Ciencias Sociales.
534 ## - NOTA SOBRE LA VERSIÓN ORIGINAL
Encabezamiento principal del original Título original en inglés :
Mención de título del original Structuration theory : Anthony Giddens and the constitution of social life.
500 ## - NOTA GENERAL
Nota general Incluye índice de nombres : p. 343-346
500 ## - NOTA GENERAL
Nota general Incluye índice de temas : p. 347-353
504 ## - NOTA DE BIBLIOGRAFÍA, ETC.
Nota de bibliografía, etc. Incluye referencias bibliográficas: p. 334-342
600 14 - PUNTO DE ACCESO ADICIONAL DE MATERIA--NOMBRE DE PERSONA
Nombre de persona GIDDENS, ANTHONY
9 (RLIN) 50246
650 #4 - PUNTO DE ACCESO ADICIONAL DE MATERIA--TÉRMINO DE MATERIA
Término de materia o nombre geográfico como elemento de entrada Estructura social
9 (RLIN) 50247
650 #0 - PUNTO DE ACCESO ADICIONAL DE MATERIA--TÉRMINO DE MATERIA
Término de materia o nombre geográfico como elemento de entrada Sociología
9 (RLIN) 1061
650 #0 - PUNTO DE ACCESO ADICIONAL DE MATERIA--TÉRMINO DE MATERIA
Término de materia o nombre geográfico como elemento de entrada Cambio social
9 (RLIN) 1661
650 #4 - PUNTO DE ACCESO ADICIONAL DE MATERIA--TÉRMINO DE MATERIA
Término de materia o nombre geográfico como elemento de entrada Sociología
Subdivisión general Metodología
9 (RLIN) 4575
700 1# - PUNTO DE ACCESO ADICIONAL--NOMBRE DE PERSONA
Nombre de persona González Ruiz, Ángel Carlos
Término indicativo de función/relación tr.
9 (RLIN) 8969
830 #0 - PUNTO DE ACCESO ADICIONAL DE SERIE-TÍTULO UNIFORME
Título uniforme Tradiciones Teóricas en las Ciencias Sociales.
9 (RLIN) 50248
Holdings
Estado de retiro Estado de pérdida Restricciones de uso No para préstamo Código de colección Localización permanente Ubicación/localización actual Ubicación en estantería Fecha de adquisición Número de inventario Total de préstamos Signatura topográfica completa Código de barras Fecha visto por última vez Precio válido a partir de Tipo de ítem Koha
        Monografías: Libros y Folletos General General En catalogación 28.01.2011 LF1   303 C678t 24520-10 25.06.2020 25.06.2020 Préstamo en sala

Powered by Koha